Úvod do barevné duplexní ultrasonografie /

Hlavní autor: Hrazdira, Ivo, 1930-
Další autoři: Procházková, Ivana, lékařka, Kotulánová, Eva
Jazyk: Čeština
Vydáno: Kuřim : AF 167, 1998
Vydání: Vyd. 1.
Témata:
Fyzický popis: 91 s. + 21 cm 2 volné barev. přílohy. ;
Knihy
Uloženo v:
LEADER 01163nam a2200337 a 4500
001 000340408
003 CZ BrMZK
005 20210225110104.0
007 ta
008 980115s1998 xr f f 0 cze d
015 |a cnb000371100 
020 |a 80-85384-36-1 
035 |a (OCoLC)42029077 
040 |a BOA001  |b cze 
072 7 |a 616  |x Patologie. Klinická medicína  |2 Konspekt  |9 14 
080 |a 616-073-026.572  |2 MRF 
080 |a (035)  |2 MRF 
100 1 |a Hrazdira, Ivo,  |d 1930-  |7 jk01042683  |4 aut 
245 1 0 |a Úvod do barevné duplexní ultrasonografie /  |c I. Hrazdira, E. Kotulánová, I. Procházková 
250 |a Vyd. 1. 
260 |a Kuřim :  |b AF 167,  |c 1998 
300 |a 91 s. +  |e 2 volné barev. přílohy. ;  |c 21 cm 
500 |a Bibliogr. 
650 0 7 |a dopplerovská ultrasonografie  |7 ph119567  |2 czenas 
650 0 7 |a duplexní ultrasonografie  |7 ph239926  |2 czenas 
655 7 |a příručky  |7 fd133209  |2 czenas 
700 1 |a Procházková, Ivana,  |c lékařka  |4 aut 
700 1 |a Kotulánová, Eva  |4 aut 
910 |a BOA001  |b 2-1048.687 
990 |a BK 
996 6 |b 2610076728  |c 2-1048.687  |l MZK  |r Sklad / do 1 hodiny  |n 16  |p p.v.  |w 000340408  |u 000010  |a 1  |e BOA001  |j MZK50  |s P